Datum a čas kvízu
33.5
Celkem bodů
Celkový počet nahraných bodů na tomto kvízu bez doplňovacích otázek.
1.
Pořadí na kvízu
Konečné umístění týmu na tomto kvízu.
Zaznamenané odpovědi
| # | Otázka | Odpověď | Body | Výsledky |
|---|---|---|---|---|
| 1. | Tento týden samozřejmě nesmí c... | Dagmar Hájková | 0 | |
| 2. | V rakouském St. Pölten se na t... | o losa | 1 | |
| 3. | V noci ze středy na čtvrtek by... | Jimmy Kimmel | 1 | |
| 4. | Společnost China Eastern Airli... | Buenos Aires | 1 | |
| 5. | Českému hokejistovi Jakubu Lau... | Michigan | 0 | |
| 6. | Ve spolupráci s Radou Evropy j... | 1C 2A 3D 4B | 1 | |
| 7. | Co znamená maďarské slovo hétf... | pondělí | 0 | |
| 8. | Jak se na V jmenuje autonomní... | Vojvodina | 1 | |
| 9. | Která z těchto knih nebyla nap... | B | 1 | |
| 10. | Pozoruhodným jazykem je velšti... | křeček | 1 |